000
00298nam a2200121Ia 4500
008
190216s9999||||xx |||||||||||||| ||und||
100
_a
Anupam Pardeshi
245
0
_a
Hindi-Pakshi-Jagath Ki Seir
260
_b
Saswath Printing & Publishings
_c
2007
300
_a
144
650
_a
Hindi
942
_c
BK
999
_c
16504
_d
16504